00113 2200061 4500990001700000990001700017990001700034 a001201900542 a001201800786 a002201900130